[Event "4th IECC"]
[Site "Istanbul"]
[Date "2003.06.06"]
[Round "7"]
[White "Bologan, Viktor"]
[Black "Burmakin, Vladimir"]
[Result "1/2-1/2"]
[WhiteElo "2663"]
[BlackElo "2569"]
[PlyCount "70"]
[EventDate "2003.05.30"]
[Source "Roberto Alvarez"]
[SourceDate "2003.06.23"]

1. e4 e6 2. f4 d5 3. e5 c5 4. Nf3 Nc6 5. c3 Nh6 6. Na3 Nf5 7. Nc2 h5 8. g3 Bd7 9. d3 b5 10. Bh3 g6 11. O-O Qb6 12. Bd2 a5 13. Be1 c4+ 14. Bf2 Bc5 15. d4 Be7 16. a3 Rb8 17. Rb1 b4 18. Nd2 Qc7 19. axb4 axb4 20. Bg2 Na7 21. Nxb4 Bxb4 22. cxb4 Nc6 23. Nf3 Nxb4 24. Ne1 Qb6 25. Qd2 Ba4 26. h3 Nc6 27. Nf3 h4 28. g4 Ng3 29. Bxg3 hxg3 30. f5 gxf5 31. gxf5 exf5 32. Ra1 Bb5 33. Rae1 Ne7 34. Qf4 Bd7 35. Rb1 Be6 1/2-1/2

[Event "Mind Sports Games - Rapid Ind"]
[Site "Pechino CINA"]
[Date "2008.10.05"]
[Round "2"]
[White "Reinderman, D."]
[Black "Nguyen Ngoc Truong Son"]
[Result "1/2-1/2"]
[WhiteElo "2543"]
[BlackElo "2567"]
[PlyCount "107"]
[EventDate "2008.10.05"]
[Source "www.chesslib.no"]
[SourceDate "2004.05.04"]

1. e4 e6 2. f4 d5 3. e5 c5 4. Nf3 Nc6 5. c3 f5 6. d4 a6 7. Be3 cxd4 8. cxd4 Bd7 9. Nc3 Na5 10. Ng5 Ne7 11. Bd3 h6 12. Nh3 Rc8 13. Bf2 Qb6 14. Rb1 g6 15. O-O Bg7 16. Na4 Bxa4 17. Qxa4+ Kf7 18. Kh1 Nc4 19. Qd1 Qa5 20. b3 Na3 21. b4 Qb6 22. Rb3 Nc4 23. Ng1 Qb5 24. Rb1 Qd7 25. Nf3 Rcg8 26. Rg1 Bf8 27. Bh4 g5 28. fxg5 Ng6 29. Bf2 hxg5 30. Nxg5+ Ke8 31. g4 Ngxe5 32. dxe5 Rxg5 33. gxf5 Rgh5 34. Bg3 Ne3 35. fxe6 Qxe6 36. Qf3 Ng4 37. Rb2 Be7 38. Re2 Rf8 39. Qg2 Kd8 40. Rd1 Bh4 41. Bc4 Bxg3 42. Qxg3 Ke7 43. Bxd5 Qf5 44. Kg1 Qg5 45. b5 Nxh2 46. Qxg5+ Rxg5+ 47. Rg2 Rxg2+ 48. Kxg2 Ng4 49. Bxb7 Ne3+ 50. Kg3 Nxd1 51. bxa6 Nc3 52. a7 Nxa2 53. a8=Q Rxa8 54. Bxa8 1/2-1/2

[Event "RUS-Cup02"]
[Site "Moscow"]
[Date "1998.01.26"]
[Round "6"]
[White "Komliakov, Viktor"]
[Black "Rustemov, Alexander"]
[Result "0-1"]
[WhiteElo "2510"]
[BlackElo "2575"]
[PlyCount "82"]
[EventDate "1998.01.21"]
[Source "ChessBase"]
[SourceDate "1998.04.09"]

1. e4 e6 2. f4 d5 3. e5 c5 4. Nf3 Nc6 5. c3 Nh6 6. Na3 Qb6 7. Nc2 Bd7 8. Ne3 f6 9. exf6 gxf6 10. d3 O-O-O 11. Be2 Bd6 12. O-O Ne7 13. Nh4 Ng6 14. Nxg6 hxg6 15. g3 Rdg8 16. Rf2 Qc7 17. Bf3 g5 18. fxg5 Rxg5 19. Bg2 Rg6 20. b4 cxb4 21. cxb4 Kb8 22. d4 f5 23. Qd3 Rhg8 24. Rc2 Qd8 25. Rf2 f4 26. gxf4 Qh4 27. Qf1 Ng4 28. Nxg4 Rxg4 29. Qe1 Ba4 30. Bd2 R4g6 31. Rc1 Rh8 32. Kf1 a6 33. Rc5 Bxc5 34. Qe5+ Ka7 35. dxc5 Bb5+ 36. Ke1 Rxg2 37. Be3 Rg1+ 38. Kd2 Qh7 39. c6+ b6 40. f5 Rc8 41. a4 Bxa4 0-1

[Event "St Petersburg zt"]
[Site "St Petersburg"]
[Date "1993.??.??"]
[Round "9"]
[White "Kiselev, Sergey"]
[Black "Ulibin, Mikhail"]
[Result "1/2-1/2"]
[WhiteElo "2510"]
[BlackElo "2565"]
[PlyCount "82"]
[EventDate "1993.01.??"]
[Source "ChessBase"]

1. e4 e6 2. f4 c5 3. Nf3 Nf6 4. d3 Nc6 5. g3 d5 6. e5 Nd7 7. Bg2 Be7 8. O-O b5 9. c4 bxc4 10. dxc4 Nb6 11. cxd5 exd5 12. Nc3 O-O 13. Ne1 Ba6 14. Rf2 d4 15. Bxc6 dxc3 16. Qc2 cxb2 17. Bxb2 Rb8 18. Be4 h6 19. f5 f6 20. Rd1 Qc7 21. Nf3 Bb5 22. Rc1 Ba4 23. Qe2 Bd7 24. Nh4 Be8 25. e6 c4 26. Bd4 Bc5 27. Rxc4 Nxc4 28. Qxc4 Rc8 29. Rc2 Bxd4+ 30. Qxd4 Rd8 31. Rxc7 Rxd4 32. Bc2 Ba4 33. Nf3 Rg4 34. Bd3 Rd8 35. Bc4 Kh7 36. Kf2 Re4 37. Be2 a5 38. Ra7 Rd5 39. Re7 Bb5 40. Bxb5 Rxb5 41. Nh4 Rxh4 1/2-1/2

[Event "Bundesliga 0001"]
[Site "Germany"]
[Date "2001.03.10"]
[Round "10.3"]
[White "Cicak, Slavko"]
[Black "Kindermann, Stefan"]
[Result "1/2-1/2"]
[WhiteElo "2543"]
[BlackElo "2519"]
[PlyCount "31"]
[EventDate "2000.10.14"]
[Source "ChessBase"]
[SourceDate "2001.07.03"]

1. e4 e6 2. f4 d5 3. e5 c5 4. Nf3 Nc6 5. c3 Nh6 6. Na3 f6 7. d4 cxd4 8. cxd4 fxe5 9. fxe5 Bxa3 10. Bxh6 Bb4+ 11. Bd2 Bxd2+ 12. Qxd2 Bd7 13. O-O-O Qa5 14. Qxa5 Nxa5 15. b3 Ke7 16. Kd2 1/2-1/2

[Event "Ch France (team) 2007"]
[Site "France"]
[Date "2007.05.31"]
[Round "8"]
[White "Glek Igor V (GER)"]
[Black "Bunzmann Dimitrij (GER)"]
[Result "1-0"]
[WhiteElo "2531"]
[BlackElo "2525"]
[PlyCount "51"]
[EventDate "2007.??.??"]
[Source "www.chesslib.no"]
[SourceDate "2004.05.04"]

1. e4 e6 2. f4 d5 3. e5 Nh6 4. Nf3 Be7 5. c3 O-O 6. d4 b6 7. Be3 f6 8. exf6 Bxf6 9. Bd3 Ba6 10. O-O Nf5 11. Bf2 Qc8 12. Re1 Nd6 13. Bc2 c5 14. Nbd2 Re8 15. dxc5 bxc5 16. Nb3 c4 17. Nc5 Bb7 18. Ng5 Bxg5 19. fxg5 Nd7 20. Nxd7 Qxd7 21. Bxh7+ Kxh7 22. Qh5+ Kg8 23. g6 e5 24. Bh4 Nf7 25. Qh7+ Kf8 26. Rf1 1-0

[Event "SWE-ch"]
[Site "Skara"]
[Date "2002.07.03"]
[Round "4"]
[White "Cicak, Slavko"]
[Black "Berg, Emanuel"]
[Result "0-1"]
[WhiteElo "2537"]
[BlackElo "2503"]
[PlyCount "98"]
[EventDate "2002.06.30"]
[Source "ChessBase"]
[SourceDate "2002.11.12"]

1. e4 e6 2. f4 d5 3. e5 c5 4. Nf3 Nc6 5. c3 Qa5 6. Na3 Nh6 7. Nc2 b5 8. a4 bxa4 9. Ne3 Qb6 10. Qxa4 a5 11. Bb5 Bd7 12. c4 d4 13. Nd1 Qb7 14. d3 Nb4 15. Bxd7+ Qxd7 16. Nf2 Be7 17. Bd2 Qxa4 18. Rxa4 Nc6 19. g4 Kd7 20. Kd1 f6 21. exf6 gxf6 22. Kc2 Nf7 23. Rha1 h5 24. g5 fxg5 25. Nxg5 Nd6 26. Bxa5 Raf8 27. Nfe4 Nxe4 28. Nxe4 Rhg8 29. Bd2 Rg2 30. Kb3 Rb8+ 31. Ka2 Rbg8 32. Rf1 Rxh2 33. f5 exf5 34. Rxf5 Rgg2 35. Bc1 Nb4+ 36. Rxb4 cxb4 37. Rd5+ Kc6 38. Re5 Kd7 39. Rd5+ Ke6 40. Rb5 h4 41. c5 Rc2 42. Kb1 h3 43. Rxb4 Rxc1+ 44. Kxc1 Rg2 45. Rb6+ Kd5 46. Rh6 h2 47. Rh5+ Kc6 48. Ng3 Bg5+ 49. Rxg5 Rxg3 0-1

[Event "SWE-chT 0102"]
[Site "?"]
[Date "2002.03.16"]
[Round "10"]
[White "Cicak Slavko"]
[Black "Degerman Lars"]
[Result "1-0"]
[WhiteElo "2532"]
[BlackElo "2500"]
[PlyCount "53"]
[EventDate "2002.??.??"]
[Source "www.chesslib.no"]
[SourceDate "2004.05.04"]

1. e4 e6 2. f4 d5 3. e5 c5 4. Nf3 Nc6 5. c3 Nh6 6. Na3 Be7 7. Nc2 O-O 8. d4 f6 9. Bd3 cxd4 10. cxd4 Nb4 11. Nxb4 Bxb4+ 12. Ke2 Bd7 13. Qb3 Qb6 14. a3 Be7 15. Qxb6 axb6 16. Rg1 Be8 17. g4 Bg6 18. exf6 Bxd3+ 19. Kxd3 gxf6 20. f5 Nf7 21. fxe6 Nd8 22. Bh6 Re8 23. g5 Kh8 24. Rae1 Rc8 25. gxf6 Bxf6 26. Ng5 Re7 27. Ref1 1-0

[Event "Calcutta"]
[Site "?"]
[Date "1998.??.??"]
[Round "9"]
[White "Komliakov Viktor"]
[Black "Barua Dibyendu"]
[Result "1-0"]
[WhiteElo "2510"]
[BlackElo "2520"]
[PlyCount "111"]
[EventDate "1998.??.??"]
[Source "www.chesslib.no"]
[SourceDate "2004.05.04"]

1. e4 e6 2. f4 d5 3. e5 c5 4. Nf3 Nc6 5. c3 Nge7 6. Na3 Nf5 7. Nc2 d4 8. Bd3 Qb6 9. Qe2 Be7 10. Be4 Bd7 11. c4 h5 12. O-O h4 13. Nfe1 d3 14. Qxd3 O-O-O 15. Qe2 Ncd4 16. Nxd4 Nxd4 17. Qf2 f5 18. exf6 gxf6 19. d3 f5 20. Bf3 Bf6 21. Be3 Rdg8 22. Rb1 a5 23. Qd2 Rg7 24. Bxd4 Bxd4+ 25. Kh1 Rhg8 26. Nc2 Bc6 27. Nxd4 cxd4 28. Rf2 Bxf3 29. Rxf3 Qc6 30. Rbf1 Rg4 31. Kg1 b6 32. R1f2 Kb7 33. Qe2 Ka6 34. Qe5 Qa4 35. h3 R4g6 36. b3 Qd7 37. Kh2 Rg3 38. c5 Qc6 39. Qxd4 bxc5 40. Qc4+ Kb7 41. d4 cxd4 42. Qxd4 Qd5 43. Qf6 R3g6 44. Qxh4 R8g7 45. Qh8 e5 46. Rc2 e4 47. Qc8+ Kb6 48. Rfc3 Rd7 49. b4 axb4 50. Rb2 Ka5 51. a3 Rc6 52. Qa8+ Ra6 53. Qf8 Rb6 54. axb4+ Kb5 55. Rbc2 Ka4 56. Rc5 1-0

[Event "Ostrava Cup"]
[Site "?"]
[Date "1998.??.??"]
[Round "4"]
[White "Cicak Slavko"]
[Black "Gdanski Jacek"]
[Result "1/2-1/2"]
[WhiteElo "2460"]
[BlackElo "2540"]
[PlyCount "94"]
[EventDate "1998.??.??"]
[Source "www.chesslib.no"]
[SourceDate "2004.05.04"]

1. e4 e6 2. f4 d5 3. e5 c5 4. Nf3 Nc6 5. c3 Qb6 6. Na3 Bd7 7. Nc2 Nh6 8. Be2 f5 9. d4 cxd4 10. Ncxd4 Nxd4 11. Nxd4 Bc5 12. b3 O-O 13. Be3 Bb5 14. Bf3 a5 15. h3 Bxd4 16. Bxd4 Qa6 17. a4 Bd3 18. Qd2 Be4 19. Be2 Qc6 20. O-O-O Qc7 21. Rhg1 Kh8 22. g4 Qe7 23. Kb2 Ng8 24. Qe3 Qf7 25. Bc5 Rfc8 26. g5 Qc7 27. Bb6 Qd7 28. Bb5 Qf7 29. g6 hxg6 30. Rg5 Ne7 31. Rdg1 d4 32. Bxd4 Bc6 33. Be2 b5 34. axb5 a4 35. b4 Be8 36. h4 Nd5 37. Qg3 Qd7 38. h5 Nxb4 39. hxg6 a3+ 40. Kb1 Kg8 41. Rh5 a2+ 42. Kb2 a1=Q+ 43. Rxa1 Rxa1 44. Rh8+ Kxh8 45. Qh4+ Kg8 46. Qh7+ Kf8 47. Qh8+ Ke7 1/2-1/2

[Event "Zhukov mem"]
[Site "?"]
[Date "1996.??.??"]
[Round "7"]
[White "Komliakov Viktor"]
[Black "Rustemov Alexander"]
[Result "1-0"]
[WhiteElo "2500"]
[BlackElo "2495"]
[PlyCount "182"]
[EventDate "1996.??.??"]
[Source "www.chesslib.no"]
[SourceDate "2004.05.04"]

1. e4 e6 2. f4 d5 3. e5 c5 4. Nf3 Nc6 5. c3 Nh6 6. Na3 Nf5 7. Nc2 Be7 8. Bd3 Qb6 9. Ne3 g6 10. O-O Bd7 11. Kh1 h5 12. b3 O-O-O 13. a3 f6 14. Nxf5 gxf5 15. b4 fxe5 16. fxe5 h4 17. h3 c4 18. Bc2 Be8 19. d4 Bh5 20. Bf4 Rdg8 21. Qd2 Qd8 22. Ng1 Rg7 23. Bd1 Qg8 24. Bf3 Nd8 25. Bxh5 Rxh5 26. Qe2 Rhh7 27. a4 Nf7 28. Nf3 Rg6 29. Rf2 Rhg7 30. Ra2 Qh7 31. Qf1 Qh5 32. Qe2 Qh8 33. Qf1 Bd8 34. Qd1 Qe8 35. Qe1 Rh7 36. Rf1 Be7 37. Rff2 Nd8 38. Ng1 Nc6 39. Ne2 Rhg7 40. Ng1 Nb8 41. Qd1 Na6 42. Qf1 Nc7 43. Ne2 Qg8 44. Bh2 Ne8 45. Nf4 Rg5 46. Qd1 Rh7 47. Rf3 Ng7 48. a5 Qe8 49. Qa4 Qxa4 50. Rxa4 a6 51. Ra1 Kd7 52. Rb1 Kc6 53. Bg1 Rg3 54. Bh2 Rxf3 55. gxf3 Kb5 56. Kg2 Bg5 57. Ne2 Nh5 58. f4 Be7 59. Ra1 Rg7+ 60. Kf3 Bd8 61. Ra2 Rg6 62. Ra1 b6 63. axb6 Bxb6 64. Rb1 Rg7 65. Rb2 Ra7 66. Rb1 Ka4 67. Rg1 Rg7 68. Ra1+ Kb5 69. Rb1 Bd8 70. Kf2 Rg6 71. Kf3 Ng7 72. Bg1 Ne8 73. Bf2 Nc7 74. Ra1 Kb6 75. Rg1 Rxg1 76. Nxg1 Nb5 77. Be1 a5 78. bxa5+ Kxa5 79. Ke3 Ka4 80. Nf3 Kb3 81. Ng5 Nxc3 82. Nxe6 Bb6 83. Nc5+ Bxc5 84. dxc5 Nb5 85. e6 d4+ 86. Kd2 Nc7 87. e7 Kb4 88. Bxh4 Kxc5 89. Bf6 Kd5 90. h4 Ke6 91. Be5 Ne8 1-0

[Event "Ch Pfalz"]
[Site "Pfalz"]
[Date "1990.??.??"]
[Round "?"]
[White "Meduna, Eduard"]
[Black "Ivkov, Borislav"]
[Result "1/2-1/2"]
[WhiteElo "2485"]
[BlackElo "2480"]
[PlyCount "77"]
[EventDate "1990.??.??"]
[Source "www.chesslib.no"]
[SourceDate "2004.05.04"]

1. e4 e6 2. f4 d5 3. e5 c5 4. Nf3 Nc6 5. c3 Qb6 6. d3 Be7 7. Be2 Nh6 8. Qb3 Qc7 9. Be3 b6 10. Na3 a6 11. Rc1 Bd7 12. Bf2 Rb8 13. Qd1 Ng4 14. h3 Nxf2 15. Kxf2 f6 16. d4 c4 17. Nc2 O-O 18. g3 b5 19. Qd2 Qb6 20. Kg2 Be8 21. Qe3 f5 22. g4 Bg6 23. b4 cxb3 24. axb3 a5 25. Bd3 a4 26. b4 Qb7 27. Na3 Na7 28. Kg3 Bd8 29. Nh4 Bxh4+ 30. Kxh4 Qf7 31. Kg3 Rb7 32. Rhf1 fxg4 33. hxg4 Bxd3 34. Qxd3 g6 35. Rc2 Qg7 36. Rg2 Qd7 37. Rgf2 Qg7 38. Rg2 Qd7 39. Rgf2 1/2-1/2

[Event "Villa de Sitges 35th"]
[Site "?"]
[Date "1999.??.??"]
[Round "7"]
[White "Cicak Slavko"]
[Black "Kuijf Marinus"]
[Result "1-0"]
[WhiteElo "2500"]
[BlackElo "2455"]
[PlyCount "28"]
[EventDate "1999.??.??"]
[Source "www.chesslib.no"]
[SourceDate "2004.05.04"]

1. e4 e6 2. f4 d5 3. e5 c5 4. Nf3 Nc6 5. c3 Nh6 6. Be2 Nf5 7. Na3 Be7 8. Nc2 d4 9. Bd3 f6 10. O-O fxe5 11. fxe5 O-O 12. Qe2 Bd7 13. b3 Be8 14. Nfe1 Bh5 1-0

[Event "RUS-ch Armed Forces"]
[Site "?"]
[Date "1997.??.??"]
[Round "3"]
[White "Komliakov Viktor"]
[Black "Totsky Leonid"]
[Result "1/2-1/2"]
[WhiteElo "2460"]
[BlackElo "2495"]
[PlyCount "24"]
[EventDate "1997.??.??"]
[Source "www.chesslib.no"]
[SourceDate "2004.05.04"]

1. e4 e6 2. f4 d5 3. e5 c5 4. Nf3 Nh6 5. c3 Bd7 6. Na3 Be7 7. Nc2 O-O 8. d4 Qb6 9. Be2 Bb5 10. O-O Bxe2 11. Qxe2 Nc6 12. Kh1 Qa6 1/2-1/2

[Event "Moscow RUS"]
[Site "?"]
[Date "2000.??.??"]
[Round "5"]
[White "Komliakov Viktor"]
[Black "Yagupov Igor"]
[Result "0-1"]
[WhiteElo "2463"]
[BlackElo "2482"]
[PlyCount "82"]
[EventDate "2000.??.??"]
[Source "www.chesslib.no"]
[SourceDate "2004.05.04"]

1. e4 e6 2. f4 d5 3. e5 c5 4. Nf3 Nc6 5. c3 Nh6 6. Na3 Qb6 7. Nc2 f6 8. d4 cxd4 9. Ncxd4 fxe5 10. fxe5 Nf7 11. Bb5 Bc5 12. b4 Bxd4 13. Bxc6+ Qxc6 14. Qxd4 O-O 15. O-O Bd7 16. a4 Rfc8 17. Bd2 Qb6 18. Rfe1 Rc4 19. Qxb6 axb6 20. a5 bxa5 21. bxa5 Rc5 22. Reb1 Bc8 23. Rb2 Rcxa5 24. Rxa5 Rxa5 25. Be3 h6 26. Kf2 Ra3 27. Bd4 Nd8 28. g4 Nc6 29. h4 Nxd4 30. cxd4 Rc3 31. h5 Kf7 32. Nh4 Ke8 33. Ng6 Kd7 34. Nf4 Kc6 35. Ne2 Rc4 36. Ke3 b5 37. Nf4 b4 38. Nd3 Kb5 39. g5 hxg5 40. Re2 Rc3 41. Kd2 Kc4 0-1

[Event "Sochi"]
[Site "?"]
[Date "1997.??.??"]
[Round "?"]
[White "Komliakov Viktor"]
[Black "Volkov Sergey"]
[Result "1-0"]
[WhiteElo "2460"]
[BlackElo "2480"]
[PlyCount "119"]
[EventDate "1997.??.??"]
[Source "www.chesslib.no"]
[SourceDate "2004.05.04"]

1. e4 e6 2. f4 d5 3. e5 c5 4. Nf3 Ne7 5. c3 Nbc6 6. Na3 b6 7. d4 Qd7 8. Be2 h5 9. Nh4 g6 10. O-O Nf5 11. Nxf5 gxf5 12. Nc2 h4 13. Be3 Bb7 14. Qe1 a5 15. Qf2 c4 16. a4 Na7 17. Ne1 b5 18. axb5 Nxb5 19. Bd1 Bc6 20. Nf3 Be7 21. Qe1 h3 22. g4 fxg4 23. Ng5 a4 24. Bxg4 a3 25. bxa3 Rxa3 26. Rxa3 Nxa3 27. Qg3 Nb5 28. Bf2 Qa7 29. Bxh3 Qa2 30. Be1 Qb2 31. Bg4 Qc1 32. h4 Bd7 33. Qf3 Kf8 34. Kg2 Be8 35. Qd1 Qxd1 36. Bxd1 Ba3 37. f5 exf5 38. Rxf5 Ke7 39. Rf3 Bc1 40. Bc2 Rg8 41. Kf1 Rg7 42. Ke2 Bd7 43. Bd2 Bb2 44. Kf2 Nxd4 45. cxd4 Bxd4+ 46. Be3 Bxe5 47. Bc5+ Ke8 48. Re3 f6 49. Nf3 Bh3 50. Nxe5 Rg2+ 51. Ke1 fxe5 52. Ba4+ Kf7 53. Rxh3 d4 54. h5 Kg7 55. h6+ Kh7 56. Bb5 Rg1+ 57. Kf2 Rc1 58. Bc6 d3 59. Be4+ Kh8 60. Rf3 1-0

[Event "Camp. svizzero a sq. - Mendrisio-Berna"]
[Site "Svizzera"]
[Date "2008.03.30"]
[Round "2.1"]
[White "Glek, Igor"]
[Black "Klauser, Markus"]
[Result "1/2-1/2"]
[WhiteElo "2540"]
[BlackElo "2396"]
[PlyCount "70"]
[EventDate "2008.03.02"]
[Source "www.chesslib.no"]
[SourceDate "2004.05.04"]

1. e4 e6 2. f4 d5 3. e5 c5 4. Nf3 Nc6 5. c3 d4 6. Bd3 Nh6 7. Qe2 Nf5 8. O-O h5 9. Be4 Bd7 10. d3 g6 11. Na3 Be7 12. Nc2 Qb6 13. c4 a5 14. b3 Nb4 15. Nce1 a4 16. bxa4 Rxa4 17. Rb1 Qa6 18. a3 Nc6 19. Qb2 Bc8 20. Nc2 Nd8 21. Bd2 Qa7 22. g3 Ra6 23. a4 Rxa4 24. Ra1 Ra6 25. Rxa6 bxa6 26. Rb1 O-O 27. Qb8 Qd7 28. Qa8 Qc7 29. Qb8 Qxb8 30. Rxb8 Bd7 31. Rb6 Bc8 32. Kf2 f6 33. Ke2 Nf7 34. Rb8 fxe5 35. fxe5 g5 1/2-1/2

[Event "Petrov mem"]
[Site "St Petersburg"]
[Date "1996.??.??"]
[Round "8"]
[White "Komliakov, Viktor"]
[Black "Zakharevich, Igor"]
[Result "1/2-1/2"]
[WhiteElo "2500"]
[BlackElo "2435"]
[PlyCount "90"]
[EventDate "1996.02.??"]
[Source "ChessBase"]

1. e4 e6 2. f4 d5 3. e5 c5 4. Nf3 Nc6 5. c3 Nh6 6. Na3 Nf5 7. Nc2 Bd7 8. Be2 c4 9. Ne3 Nxe3 10. dxe3 f6 11. exf6 Qxf6 12. O-O Bc5 13. Kh1 O-O-O 14. Bd2 Kb8 15. b3 cxb3 16. axb3 Bb6 17. c4 Qe7 18. Qe1 Rc8 19. Bd3 Be8 20. Bc3 Bg6 21. Ne5 Nxe5 22. Bxe5+ Ka8 23. Bxg6 hxg6 24. Ra4 dxc4 25. bxc4 Qd7 26. Ra3 Rxc4 27. h3 Qd5 28. Qg3 Qe4 29. Rd1 Rhc8 30. Kh2 a6 31. Rb3 Ba5 32. Bxg7 Rb4 33. Rxb4 Bxb4 34. Rd4 Qb1 35. Be5 Bc5 36. Rc4 Qb5 37. Rc3 Rg8 38. Qg5 Bb4 39. Rb3 Qc4 40. Rb2 Bc5 41. Qg3 Qe4 42. Rb3 a5 43. Qe1 b6 44. Qe2 Ka7 45. Qb5 Bxe3 1/2-1/2

[Event "Moscow RUS"]
[Site "?"]
[Date "1998.??.??"]
[Round "7"]
[White "Komliakov Viktor"]
[Black "Kosyrev Vladimir"]
[Result "1/2-1/2"]
[WhiteElo "2510"]
[BlackElo "2405"]
[PlyCount "49"]
[EventDate "1998.??.??"]
[Source "www.chesslib.no"]
[SourceDate "2004.05.04"]

1. e4 e6 2. f4 d5 3. e5 c5 4. Nf3 Nc6 5. c3 Nh6 6. Na3 Nf5 7. Nc2 Be7 8. Bd3 Qb6 9. Ne3 g6 10. O-O h5 11. Kh1 Bd7 12. Rb1 O-O-O 13. b4 cxb4 14. cxb4 Kb8 15. a3 Ncd4 16. Nxd4 Qxd4 17. Qe2 Ba4 18. Bb2 Qb6 19. Rfc1 a6 20. Qf2 Rc8 21. Kg1 Nxe3 22. dxe3 Rxc1+ 23. Rxc1 Rc8 24. Rxc8+ Kxc8 25. Qd2 1/2-1/2

[Event "Moscow RUS"]
[Site "?"]
[Date "1997.??.??"]
[Round "7"]
[White "Komliakov Viktor"]
[Black "Rychagov Andrey"]
[Result "1/2-1/2"]
[WhiteElo "2460"]
[BlackElo "2455"]
[PlyCount "65"]
[EventDate "1997.??.??"]
[Source "www.chesslib.no"]
[SourceDate "2004.05.04"]

1. e4 e6 2. f4 d5 3. e5 c5 4. Nf3 Nc6 5. c3 Nh6 6. Na3 Nf5 7. Nc2 Be7 8. Bd3 Qb6 9. Ne3 g6 10. O-O Bd7 11. Kh1 O-O-O 12. Rb1 Qc7 13. Nc2 f6 14. Bxf5 gxf5 15. b4 fxe5 16. b5 Nb8 17. Nxe5 Be8 18. d4 c4 19. a4 Nd7 20. Nxd7 Bxd7 21. Ba3 Bxa3 22. Nxa3 Rdg8 23. Nc2 h5 24. Qd2 Rg4 25. Qf2 h4 26. Ne3 Rg6 27. Qb2 Qd6 28. Rf3 Be8 29. Rbf1 Rg7 30. Rh3 Qe7 31. Qf2 Rgh7 32. Ra1 Rg7 33. Kg1 1/2-1/2

[Event "Platonov mem"]
[Site "?"]
[Date "1999.??.??"]
[Round "?"]
[White "Komliakov Viktor"]
[Black "Alekseev Vadim"]
[Result "1/2-1/2"]
[WhiteElo "2463"]
[BlackElo "2451"]
[PlyCount "44"]
[EventDate "1999.??.??"]
[Source "www.chesslib.no"]
[SourceDate "2004.05.04"]

1. e4 e6 2. f4 d5 3. e5 c5 4. Nf3 Nc6 5. c3 Nh6 6. Na3 a6 7. Nc2 d4 8. Bd3 Be7 9. Qe2 Nf5 10. Be4 Bd7 11. O-O h5 12. d3 Qb6 13. c4 g6 14. b3 Kf8 15. Bd2 Kg7 16. Rfb1 a5 17. a3 Ra7 18. g3 Qc7 19. Kg2 Raa8 20. Rg1 Rab8 21. a4 f6 22. Raf1 Rbf8 1/2-1/2

[Event "SUI-chT Mendrisio-Winterthur"]
[Site "Svizzera"]
[Date "2007.06.24"]
[Round "5.3"]
[White "Glek, Igor"]
[Black "Huss, Andreas"]
[Result "1-0"]
[WhiteElo "2551"]
[BlackElo "2353"]
[PlyCount "115"]
[EventDate "2007.02.25"]
[Source "www.chesslib.no"]
[SourceDate "2004.05.04"]

1. e4 e6 2. f4 d5 3. e5 Nh6 4. Nf3 c5 5. c3 Nc6 6. Na3 Be7 7. Nc2 Nf5 8. Bd3 Nh4 9. O-O c4 10. Be2 Nxf3+ 11. Rxf3 Bc5+ 12. Kh1 Bd7 13. d4 cxd3 14. Bxd3 f5 15. exf6 Qxf6 16. Be3 Bxe3 17. Nxe3 O-O-O 18. Ng4 Qe7 19. Qe2 Qd6 20. Re1 Rdf8 21. Ne5 Nxe5 22. Qxe5 Qxe5 23. Rxe5 Kc7 24. Kg1 Kd6 25. g3 h6 26. h4 Rf6 27. h5 Be8 28. c4 Bc6 29. Rfe3 b6 30. Kf2 Rc8 31. b3 a5 32. Re2 dxc4 33. Bxc4 Bd5 34. Rd2 Rc5 35. Bd3 Ke7 36. Ke3 Rf8 37. Be4 Rc3+ 38. Rd3 Rxd3+ 39. Bxd3 Kd6 40. Kd4 Rd8 41. Re3 Rc8 42. Bc4 Rc5 43. Re5 a4 44. Bxd5 exd5 45. f5 axb3 46. axb3 Rb5 47. Re6+ Kd7 48. g4 Rxb3 49. Rg6 Ke7 50. Rxg7+ Kf6 51. Rg6+ Kf7 52. Kxd5 Rb4 53. Ke5 b5 54. f6 Rc4 55. Rg7+ Kf8 56. g5 Rh4 57. g6 Rxh5+ 58. Ke6 1-0

[Event "Elista ol (Men)"]
[Site "Elista"]
[Date "1998.10.04"]
[Round "6"]
[White "Komliakov, Viktor"]
[Black "Pelikian, Jefferson"]
[Result "1-0"]
[WhiteElo "2485"]
[BlackElo "2415"]
[PlyCount "115"]
[EventDate "1998.09.29"]
[Source "ChessBase"]
[SourceDate "1998.11.06"]

1. e4 e6 2. f4 d5 3. e5 c5 4. Nf3 Nc6 5. c3 Nh6 6. Na3 Nf5 7. Nc2 Nh4 8. Nxh4 Qxh4+ 9. g3 Qd8 10. Bg2 Be7 11. O-O O-O 12. d3 Qc7 13. Be3 Bd7 14. Bf2 b6 15. d4 Rac8 16. Qe2 cxd4 17. Nxd4 Nxd4 18. Bxd4 Bc5 19. Rfd1 a5 20. Qe3 b5 21. a3 Bxd4 22. cxd4 b4 23. axb4 axb4 24. Bf1 Ra8 25. Rac1 Qb6 26. Rc5 Ra5 27. Rdc1 Rxc5 28. dxc5 Qa7 29. Qd4 Rb8 30. Qf2 Bc6 31. Bd3 b3 32. f5 Qd7 33. Qf4 exf5 34. e6 Qd8 35. exf7+ Kf8 36. Bxf5 Rb7 37. Be6 Re7 38. Qd6 Qc7 39. Bxd5 Bxd5 40. Qxd5 Rxf7 41. Qa8+ Ke7 42. Re1+ Kf6 43. Rf1+ Ke7 44. Qe4+ Kf8 45. Rxf7+ Kxf7 46. Qd5+ Ke7 47. Kf2 Qa5 48. Qd6+ Kf7 49. c6 Qb6+ 50. Ke2 Qa6+ 51. Kd2 Qa5+ 52. Kd3 Qf5+ 53. Kc4 Qc2+ 54. Kb4 Qxb2 55. c7 Qc1 56. Qd7+ Kg6 57. c8=Q b2 58. Qf5+ 1-0

[Event "Guillermo Garcia mem-A"]
[Site "Santa Clara"]
[Date "1999.05.02"]
[Round "8"]
[White "Gamboa, Nelson"]
[Black "Sadvakasov, Darmen"]
[Result "0-1"]
[WhiteElo "2411"]
[BlackElo "2487"]
[PlyCount "46"]
[EventDate "1999.05.??"]
[Source "ChessBase"]
[SourceDate "1999.07.10"]

1. e4 e6 2. f4 d5 3. e5 c5 4. Nf3 Nc6 5. c3 Nh6 6. Na3 Nf5 7. Nc2 d4 8. Bd3 Be7 9. O-O O-O 10. Qe2 Qb6 11. Kh1 Bd7 12. b3 a5 13. Rb1 g6 14. Ba3 dxc3 15. dxc3 h5 16. Nd2 Kg7 17. Ne3 Nxe3 18. Qxe3 Na7 19. b4 axb4 20. cxb4 Nb5 21. bxc5 Qa6 22. Bxb5 Bxb5 23. Bb4 Qxa2 0-1

[Event "Banicky Kahanec"]
[Site "?"]
[Date "1996.??.??"]
[Round "4"]
[White "Cicak Slavko"]
[Black "Koutsin Sergey"]
[Result "1-0"]
[WhiteElo "2445"]
[BlackElo "2435"]
[PlyCount "81"]
[EventDate "1996.??.??"]
[Source "www.chesslib.no"]
[SourceDate "2004.05.04"]

1. e4 e6 2. f4 d5 3. e5 c5 4. Nf3 Ne7 5. c3 Nf5 6. Na3 Nc6 7. Nc2 Bd7 8. Ne3 Be7 9. Nxf5 exf5 10. g3 Be6 11. d3 O-O 12. Bg2 b5 13. d4 c4 14. a3 a5 15. Nd2 Rb8 16. Nf1 Qd7 17. Ne3 Bd8 18. a4 Ne7 19. axb5 Rxb5 20. Qc2 Bb6 21. Bf3 Rb8 22. Qg2 Bd8 23. Bd1 R5b6 24. Ra2 Kh8 25. Ba4 Qc8 26. Bc2 Qd7 27. Qh3 g6 28. Qg2 R6b7 29. h3 Bb6 30. g4 Rg8 31. g5 Nc6 32. Ba4 Rd8 33. Nxc4 dxc4 34. Bxc6 Bd5 35. Qxd5 Qxd5 36. Bxd5 Rxd5 37. Ra4 Rc7 38. Kd1 h5 39. Kc2 Kg8 40. Be3 Kf8 41. Rb1 1-0

[Event "Bundesliga 2007-8"]
[Site "Erfurt GER"]
[Date "2007.11.24"]
[Round "3"]
[White "Beikert, G."]
[Black "Machelett, H."]
[Result "1-0"]
[WhiteElo "2449"]
[BlackElo "2430"]
[PlyCount "69"]
[EventDate "2007.10.19"]
[Source "www.chesslib.no"]
[SourceDate "2004.05.04"]

1. e4 e6 2. f4 d5 3. e5 c5 4. Nf3 Nc6 5. Be2 Nh6 6. O-O Nf5 7. c3 h5 8. Na3 c4 9. g3 b5 10. Nc2 d4 11. d3 Bc5 12. Kg2 cxd3 13. Qxd3 dxc3 14. Qxd8+ Kxd8 15. bxc3 a6 16. a4 b4 17. Ng5 Ra7 18. Bf3 b3 19. Bxc6 bxc2 20. Re1 Rc7 21. Be4 Ke7 22. Ra2 Rd8 23. Rxc2 Bd7 24. a5 Ke8 25. h3 Be7 26. g4 hxg4 27. hxg4 Nh4+ 28. Kg3 Bxg5 29. fxg5 Ng6 30. Ba3 Ba4 31. Bd6 Rcc8 32. Rcc1 Bb5 33. c4 Bc6 34. Bxg6 fxg6 35. Rf1 1-0